[Event "Groningen op"]
[Site "Groningen"]
[Date "1998.12.27"]
[Round "7"]
[White "Socko, Bartosz"]
[Black "Volkov, Sergey"]
[Result "0-1"]
[WhiteElo "2475"]
[BlackElo "2605"]

1.e4 e6 2.d4 d5 3.Nc3 Nf6 4.e5 Nfd7 5.Nce2 c5 6.c3 Nc6 7.Nf3 a5 8.g3 a4 9.Bg2 a3
10.bxa3 Qa5 11.O-O Qa4 12.h4 Qxd1 13.Rxd1 Ra4 14.Rb1 b6 15.c4 Rxc4 16.Bf1 Ba6
17.Rb2 Be7 18.Nd2 Ra4 19.Nc3 Rxa3 20.Ncb1 Bxf1 21.Nxa3 Be2 22.Re1 Nxd4 23.Nc2 Nxc2
24.Rxe2 Nd4 25.Re3 O-O 26.Rb1 c4 27.Kf1 Ra8 28.Bb2 Bc5 29.a3 h6 30.Rd1 Nb5
31.Rf3 Ra7 32.g4 Ra4 33.g5 hxg5 34.hxg5 d4 35.Ne4 Nxe5 36.Rh3 Ng6 37.Rb1 c3
38.Nxc5 bxc5 39.Bxc3 Nxc3 40.Rb8+ Nf8 41.g6 fxg6 42.Rf3 g5 43.Rfxf8+ Kh7
44.Rfc8 d3 45.Rd8 Nd5 46.Ke1 Re4+  0-1

[Event "AUT-chT2O 9798"]
[Site "Austria"]
[Date "1998.??.17"]
[Round "8"]
[White "Hofmair, Klaus"]
[Black "Reschun, Sascha"]
[Result "1/2-1/2"]
[WhiteElo "2275"]
[BlackElo "2255"]

1.e4 e6 2.d4 d5 3.Nc3 Nf6 4.e5 Nfd7 5.f4 c5 6.Nf3 Nc6 7.Be3 a6 8.Qd2 b5 9.Be2 Qb6
10.Nd1 b4 11.O-O cxd4 12.Nxd4 Nxd4 13.Bxd4 Qxd4+ 14.Qxd4 Bc5 15.Qf2 Bxf2+
16.Nxf2 Ke7 17.a3 Rb8 18.axb4 Rxb4 19.Nd3 Re4 20.Rfe1 Bb7 21.g3 h6 22.c3 g5
23.Nf2 Re3 24.Nd1 Re4 25.Nf2 Re3  1/2-1/2

[Event "Aberdeen op"]
[Site "Aberdeen"]
[Date "1998.??.??"]
[Round "?"]
[White "Arakhamia, Ketevan"]
[Black "Nolan, Graeme"]
[Result "1-0"]
[WhiteElo "2440"]
[BlackElo "2055"]

1.e4 e6 2.d4 d5 3.Nc3 Nf6 4.e5 Ne4 5.Nce2 f6 6.Nf4 Qe7 7.Nf3 Bd7 8.Bd3 Nc6
9.O-O O-O-O 10.c4 Nxd4 11.Nxd4 fxe5 12.cxd5 Nc5 13.Nfxe6 Nxe6 14.dxe6 Be8
15.Nf5 Qxe6 16.Qc2 Bg6 17.Be4 Bb4 18.a3 Ba5 19.Bg5 Rdf8 20.Ne7+ Kb8 21.Bxg6 hxg6
22.Nxg6 Qf5 23.Qxf5 Rxf5 24.Nxh8 Rxg5 25.Rad1 c6 26.Nf7 Rf5 27.Nd6 Rh5 28.Nc4 Bc7
29.Rd7 e4 30.g3  1-0

[Event "UKR-chT"]
[Site "Alushta"]
[Date "1998.??.??"]
[Round "?"]
[White "Stets, Dmitry"]
[Black "Shemeakin, Alexander"]
[Result "1-0"]
[WhiteElo "2420"]
[BlackElo "2325"]

1.e4 e6 2.d4 d5 3.Nc3 Nf6 4.e5 Nfd7 5.f4 c5 6.Nf3 Nc6 7.Be3 cxd4 8.Nxd4 Bc5
9.Qd2 a6 10.O-O-O O-O 11.h4 Nxd4 12.Bxd4 b5 13.Rh3 b4 14.Na4 Bxd4 15.Qxd4 Qa5
16.b3 Bb7 17.c3 Rfc8 18.Kb2 bxc3+ 19.Rxc3 Rxc3 20.Qxc3 Qxc3+ 21.Kxc3 Kf8
22.Kd4 Rc8 23.Bd3 Ke7 24.Rd2 Nb8 25.Nc5 Rc7 26.Nxb7 Rxb7 27.Rc2 Rb4+ 28.Ke3 Kd7
29.Bxh7 g6 30.Bg8 Re4+ 31.Kf3 Nc6 32.Rxc6 Kxc6 33.Bxf7 Re1 34.Bxg6 Rf1+ 35.Kg3 Kc5
36.h5 Rh1 37.Kg4 d4 38.Kg5 Kb4 39.h6 Ka3  1-0

[Event "UKR-chT"]
[Site "Alushta"]
[Date "1998.??.??"]
[Round "?"]
[White "Cherevatenko, Roman"]
[Black "Shemeakin, Alexander"]
[Result "1-0"]
[WhiteElo "2385"]
[BlackElo "2325"]

1.e4 e6 2.d4 d5 3.Nc3 Nf6 4.e5 Nfd7 5.f4 c5 6.Nf3 Nc6 7.Be3 cxd4 8.Nxd4 Bc5
9.Qd2 a6 10.O-O-O O-O 11.h4 Nxd4 12.Bxd4 b5 13.Rh3 b4 14.Na4 Bxd4 15.Qxd4 a5
16.Bb5 Rb8 17.Bd3 Qc7 18.Rg3 Bb7 19.Re1 f6 20.exf6 Rxf6 21.Rxe6 Rbf8 22.Re7 R8f7
23.Rxf7 Rxf7 24.Rf3 Bc6 25.Nc5 Nxc5 26.Qxc5 Rxf4 27.Re3 Rf7 28.g3 Qa7 29.Qxa7 Rxa7
30.Re6 Rc7 31.Rd6 g6 32.Rd8+ Kf7 33.g4 Kf6 34.Kd2 Bd7 35.g5+ Ke5 36.Ra8 Bf5
37.Rxa5 Bxd3 38.cxd3 Rf7 39.Ke3 Rc7 40.Rb5 Ra7 41.Rxb4 Rxa2 42.Rb7 Ra4 43.b4  1-0

[Event "AUT-chT2O 9798"]
[Site "Austria"]
[Date "1998.??.??"]
[Round "12"]
[White "Neumeier, Klaus"]
[Black "Reschun, Sascha"]
[Result "1-0"]
[WhiteElo "2250"]
[BlackElo "2255"]

1.e4 e6 2.d4 d5 3.Nc3 Nf6 4.e5 Nfd7 5.f4 c5 6.Nf3 cxd4 7.Nxd4 Nc6 8.Be3 Bc5
9.Qd2 O-O 10.O-O-O a6 11.h4 Qc7 12.h5 b5 13.Nxc6 Qxc6 14.Ne2 b4 15.Nd4 Bxd4
16.Qxd4 a5 17.f5 b3 18.axb3 a4 19.b4 a3 20.b3 a2 21.Kd2 f6 22.h6 g6 23.fxg6 hxg6
24.h7+ Kh8 25.Bh6 fxe5 26.Bxf8 Bb7 27.Qc3 Qxc3+ 28.Kxc3 Nxf8 29.Kb2 Nxh7
30.Ra1 Kg7 31.Rxa2 Rxa2+ 32.Kxa2 Ng5 33.c4 d4 34.b5 Ne4 35.b4 Ng3 36.Rg1 e4
37.Kb2 e5 38.c5 Bd5 39.b6 e3 40.Ba6 e4 41.Re1 Nf5 42.b7 Bxb7 43.Bxb7 d3 44.Ba6 d2
45.Rb1 Ne7 46.Kc2 Nd5 47.Bc4  1-0

[Event "Bayern-ch Bank Hofmann 2nd"]
[Site "Bad Wiesse"]
[Date "1998.??.??"]
[Round "4"]
[White "Meyer, Hartmut"]
[Black "Wornath, Kai"]
[Result "0-1"]
[WhiteElo "2140"]
[BlackElo "2340"]

1.e4 e6 2.d4 d5 3.Nc3 Nf6 4.e5 Nfd7 5.f4 c5 6.Nf3 Nc6 7.Be3 Qb6 8.Na4 Qa5+
9.c3 b6 10.Kf2 Ba6 11.Bxa6 Qxa6 12.Rf1 Be7 13.Kg1 O-O 14.Rf2 Rac8 15.b3 cxd4
16.cxd4 Ba3 17.Bc1 Bxc1 18.Rxc1 Nb4 19.Rd2 Rxc1 20.Qxc1 Rc8 21.Qb1 b5 22.a3 Nc6
23.Qd3 Qa5 24.Nc5 Nxc5 25.dxc5 Qxa3 26.Qxb5 Qb4 27.Qxb4 Nxb4 28.Rd4 a5 29.Ne1 Rxc5
30.Nd3 Nxd3 31.Rxd3 f6 32.Kf2 fxe5 33.fxe5 Rc2+ 34.Kf3 Kf7 35.h4 h5 36.g3 Kg6
37.Kf4 Re2 38.Rc3 Re4+ 39.Kf3 Rxe5 40.Rc5 Kf6 41.Rxa5 Re4 42.Rb5 g6 43.Rb8 Ke5
44.b4 Rc4 45.b5 Rc3+ 46.Kf2 Ke4 47.b6 Rb3 48.b7 e5 49.Ke2 d4 50.Kd2 d3 51.Kc1 Rb6
52.Kd2 Rb2+ 53.Kc3 Rc2+ 54.Kb3 Rc7 55.Ka4 Ke3 56.Re8 Rxb7 57.Rxe5+ Kd4 58.Re8 d2
59.Rd8+ Ke3 60.Re8+ Kf2 61.Rd8 Ke1 62.Re8+ Kd1 63.Re6 Rb1 64.Ka3 Kc2 65.Rc6+ Kd3
66.Rd6+ Ke3  0-1

[Event "Bayern-ch Bank Hofmann 2nd"]
[Site "Bad Wiesse"]
[Date "1998.??.??"]
[Round "7"]
[White "Christ, R."]
[Black "Naiditsch, Arkadij"]
[Result "0-1"]
[WhiteElo "2270"]
[BlackElo "2390"]

1.e4 e6 2.d4 d5 3.Nc3 Nf6 4.e5 Nfd7 5.f4 c5 6.Nf3 Nc6 7.Be3 cxd4 8.Nxd4 Bc5
9.Qd2 O-O 10.O-O-O a6 11.h4 Nxd4 12.Bxd4 b5 13.Rh3 b4 14.Na4 Bxd4 15.Qxd4 a5
16.Kb1 Qc7 17.Bd3 Ba6 18.b3 Rfc8 19.Rc1 Bxd3 20.Rxd3 Ra6 21.c4 Rc6 22.Rd2 f6
23.exf6 Nxf6 24.Rdc2 Ne4 25.Qe3 h5 26.c5 Qf7 27.g3 Qf5 28.Ka1 Qf6+ 29.Kb1 Qg6
30.Rg1 Nxc5 31.Nxc5 Rxc5  0-1

[Event "Hessen-ch"]
[Site "Bad Wildungen"]
[Date "1998.??.??"]
[Round "8"]
[White "Grafl, Florian"]
[Black "Karabalis, Harilos"]
[Result "1/2-1/2"]
[WhiteElo "2165"]
[BlackElo "2265"]

1.e4 e6 2.d4 d5 3.Nc3 Nf6 4.e5 Nfd7 5.f4 c5 6.Nf3 Nc6 7.Be3 Qb6 8.Na4 Qa5+
9.c3 b6 10.Bd2 c4 11.b4 Nxb4 12.cxb4 Bxb4 13.Qc2 Bxd2+ 14.Nxd2 b5 15.Nc3 b4
16.Qa4 Qxa4 17.Nxa4 Bb7 18.Kf2 Bc6 19.Nc5 Nb6 20.Be2 a5 21.Rab1 c3 22.Nf3 Nc4
23.Bxc4 dxc4 24.Rhc1 Ke7 25.Ke3 Rhb8 26.g3 a4 27.Ng5 Bd5 28.Nge4 h5 29.Nxc3 bxc3
30.Rxb8 Rxb8 31.Nxa4 Rb2 32.Nxc3 Rxh2 33.Rb1 Rg2 34.Nxd5+ exd5 35.Rb7+ Ke6
36.f5+ Kxf5 37.Rxf7+ Kg6 38.e6 Rxa2 39.Rd7 Ra6 40.e7 Re6+ 41.Kf3 Kf7 42.Rxd5 Kxe7  1/2-1/2

[Event "Hessen-ch"]
[Site "Bad Wildungen"]
[Date "1998.??.??"]
[Round "10"]
[White "Grafl, Florian"]
[Black "Wornath, Kai"]
[Result "1/2-1/2"]
[WhiteElo "2165"]
[BlackElo "2250"]

1.e4 e6 2.d4 d5 3.Nc3 Nf6 4.e5 Nfd7 5.f4 c5 6.Nf3 Nc6 7.Ne2 b6 8.c3 Ba6 9.Be3 Be7
10.Ng3 Bxf1 11.Rxf1 g6 12.Ne2 O-O 13.Kf2 f6 14.Kg1 fxe5 15.Nxe5 Ndxe5 16.fxe5 Rxf1+
17.Qxf1 Qf8 18.Qd1 Rc8 19.Nf4 Qf5 20.Qf3 Bg5 21.Rf1 Bxf4 22.Qxf4 cxd4 23.Bxd4 Rf8
24.Qc1 Qe4 25.Re1 Qg4 26.h3 Qh4 27.Qe3 Rf5 28.Rf1 Kg7 29.b4 Qh6 30.Qe2 Qg5
31.Rxf5 gxf5 32.Qb5 Qc1+ 33.Kh2 Qf4+ 34.Kh1 Nxd4 35.Qd7+ Kh6 36.cxd4 Qf1+  1/2-1/2

[Event "Stadtcasino op 3rd"]
[Site "Baden"]
[Date "1998.??.??"]
[Round "4"]
[White "Eschbach, Dennis"]
[Black "Kelecevic, Nedeljko"]
[Result "1/2-1/2"]
[WhiteElo "2305"]
[BlackElo "2440"]

1.e4 e6 2.d4 d5 3.Nc3 Nf6 4.e5 Nfd7 5.f4 c5 6.Nf3 Nc6 7.Be3 cxd4 8.Nxd4 Bc5
9.Qd2 Bxd4 10.Bxd4 Nxd4 11.Qxd4 Qb6 12.O-O-O Qxd4 13.Rxd4 a6 14.h4 h5 15.Rh3 g6
16.Nd1 Nb8 17.Nf2 Bd7 18.Be2 Ke7 19.Rd1 Bc6 20.g4 hxg4 21.Bxg4 Nd7 22.Rdh1 Rac8
23.h5 gxh5 24.Rxh5 Rxh5 25.Rxh5 Rg8 26.Kd2 Nf8 27.Ke3 Nd7 28.Kd4 Rg7 29.Rg5 Rh7
30.Rh5 Rg7 31.Rg5  1/2-1/2

[Event "Regionalliga SO9798"]
[Site "Bayern"]
[Date "1998.??.??"]
[Round "?"]
[White "Hartmann, Karl Heinz"]
[Black "Hecht, Christoph"]
[Result "1/2-1/2"]
[WhiteElo "1900"]
[BlackElo "1930"]

1.e4 e6 2.d4 d5 3.Nc3 Nf6 4.e5 Nfd7 5.Nf3 c5 6.Bd3 Nc6 7.O-O cxd4 8.Nb5 a6
9.Nd6+ Bxd6 10.exd6 e5 11.Re1 O-O 12.Bf5 Qf6 13.Bxd7 Bxd7 14.b3 Qxd6 15.a4 Rfe8
16.Ba3 Qf6 17.Nd2 Qg6 18.Nf1 Rad8 19.Bc5 Bf5 20.Rc1 d3 21.cxd3 Bxd3 22.Re3 Bxf1
23.Kxf1 f5 24.Bb6 Rd7 25.Rg3 Qe6 26.Qh5 e4 27.Be3 d4 28.Bh6 d3 29.Qg5 g6
30.Rb1 Ne5 31.Qf4 Nf7 32.h4 Nxh6 33.Qxh6 Rc8 34.h5 Rg7 35.hxg6 Rxg6 36.Rxg6+ hxg6
37.g3 Qd6 38.Kg2 Rc6 39.Rh1 Qf6 40.Qh7+ Kf8 41.Qxb7 Rd6 42.Qc8+ Kg7 43.Qc7+ Kg8
44.Qh7+ Kf8 45.Qc7 Kg8  1/2-1/2

[Event "Regionalliga NW9798"]
[Site "Bayern"]
[Date "1998.??.??"]
[Round "?"]
[White "Kraich, Klaus"]
[Black "Horther, Heinrich"]
[Result "1-0"]
[WhiteElo "1990"]
[BlackElo "2160"]

1.e4 e6 2.d4 d5 3.Nc3 Nf6 4.e5 Nfd7 5.Nce2 c5 6.c3 Nc6 7.f4 Qb6 8.Nf3 cxd4
9.cxd4 f6 10.g3 Bb4+ 11.Nc3 O-O 12.a3 Bxc3+ 13.bxc3 Qc7 14.Be2 Na5 15.O-O Nc4
16.exf6 Nxf6 17.Qb3 Nd6 18.a4 Nfe4 19.Ba3 Bd7 20.Rfc1 Rfc8 21.Ne5 Be8 22.c4 Bc6
23.cxd5 exd5 24.Bf3 Qb6 25.Qxb6 axb6 26.Bxd6 Nxd6 27.Nxc6 bxc6 28.Rxc6 Ne4
29.Rxb6 Rc2 30.a5 Rac8 31.Bg4 Rc1+ 32.Rxc1 Rxc1+ 33.Kg2 Rc2+ 34.Kh3 Nf6 35.a6 Ra2
36.Be6+ Kf8 37.g4 h6 38.g5 hxg5 39.fxg5 Ne4 40.Kg4 Ra5 41.Bxd5  1-0

[Event "Berliner Sommer 16th"]
[Site "Berlin"]
[Date "1998.??.??"]
[Round "2"]
[White "Brustkern, Juergen"]
[Black "Brynell, Stellan"]
[Result "0-1"]
[WhiteElo "2255"]
[BlackElo "2485"]

1.e4 e6 2.d4 d5 3.Nc3 Nf6 4.e5 Nfd7 5.f4 c5 6.Nf3 Nc6 7.Be3 cxd4 8.Nxd4 Bc5
9.Qd2 O-O 10.O-O-O a6 11.h4 Bxd4 12.Bxd4 b5 13.h5 b4 14.Ne2 a5 15.h6 g6 16.Ng1 Nxd4
17.Qxd4 Ba6 18.Bxa6 Rxa6 19.Nf3 Qc7 20.Qe3 Rc8 21.Nd4 a4 22.Kb1 Rb6 23.f5 exf5
24.Rhe1 Nc5 25.Nf3 Ne4 26.Rxd5 Qxc2+ 27.Ka1 a3 28.bxa3 b3 29.axb3 Rxb3  0-1

[Event "Berliner Sommer 16th"]
[Site "Berlin"]
[Date "1998.??.??"]
[Round "5"]
[White "Vasquez, Rodrigo"]
[Black "Tyrtania, Maximilian"]
[Result "1-0"]
[WhiteElo "2445"]
[BlackElo "2240"]

1.e4 e6 2.d4 d5 3.Nc3 Nf6 4.e5 Nfd7 5.f4 c5 6.Nf3 Nc6 7.Ne2 b5 8.Be3 Qb6
9.g3 b4 10.Qd2 Ba6 11.Rd1 Bxe2 12.Bxe2 cxd4 13.Nxd4 Bc5 14.c3 O-O 15.O-O Rfc8
16.Bd3 bxc3 17.bxc3 Nxd4 18.cxd4 Bxd4 19.Bxh7+ Kxh7 20.Bxd4 Qa6 21.f5 exf5
22.Rxf5 Qe6 23.Rdf1 Rf8 24.Qg5 Kg8 25.Rf6 Qh3 26.R6f4 Qh6 27.Qxh6  1-0

[Event "Besancon"]
[Site "Besancon"]
[Date "1998.??.??"]
[Round "9"]
[White "Roser, Kevin"]
[Black "Legky, Nikolay A"]
[Result "0-1"]
[WhiteElo "2255"]
[BlackElo "2480"]

1.e4 e6 2.d4 d5 3.Nc3 Nf6 4.e5 Nfd7 5.f4 c5 6.Nf3 Nc6 7.Be3 a6 8.Qd2 b5 9.Ne2 Qb6
10.g3 b4 11.Bg2 a5 12.O-O Ba6 13.Rad1 cxd4 14.Nfxd4 Bc5 15.Rfe1 Rc8 16.f5 Bxe2
17.Rxe2 Nxd4 18.Bxd4 Bxd4+ 19.Qxd4 Qxd4+ 20.Rxd4 Ke7 21.b3 Rc3 22.Kf2 Rhc8
23.Rdd2 Nc5 24.fxe6 fxe6 25.Rd4 Nd7 26.Rdd2 Rf8+ 27.Ke1 Rf5 28.Bh3 Rxe5 29.Rxe5 Nxe5
30.Re2 Kd6 31.Kd1 g5 32.Bg2 Ng4  0-1

[Event "Biel op"]
[Site "Biel"]
[Date "1998.??.??"]
[Round "8"]
[White "Bohnenblust, Simon"]
[Black "Benitah, Yohan"]
[Result "0-1"]
[WhiteElo "2140"]
[BlackElo "2345"]

1.e4 e6 2.d4 d5 3.Nc3 Nf6 4.e5 Nfd7 5.f4 c5 6.Nf3 Qb6 7.Be3 a6 8.Na4 Qa5+
9.c3 cxd4 10.b4 Qc7 11.Bxd4 Nc6 12.Be2 b5 13.Nb2 a5 14.bxa5 Nxd4 15.Qxd4 Rxa5
16.Qd2 Nc5 17.O-O Ne4 18.Qd3 Qxc3 19.Qxc3 Nxc3 20.Bd3 Ba3 21.Nd1 Na4 22.Rb1 Bd7
23.Kh1 Nc5 24.Be2 O-O 25.Nd4 Ne4 26.Nb3 Ra7 27.Bd3 f5 28.exf6 gxf6 29.f5 e5
30.Bxe4 dxe4 31.Nd2 Bc6 32.Re1 Ra4 33.Nc3 Rd4 34.Ndxe4 b4  0-1

[Event "Biel op"]
[Site "Biel"]
[Date "1998.??.??"]
[Round "9"]
[White "Barthel, Ansgar"]
[Black "Bohnenblust, Simon"]
[Result "1/2-1/2"]
[WhiteElo "2185"]
[BlackElo "2140"]

1.e4 e6 2.d4 d5 3.Nc3 Nf6 4.e5 Nfd7 5.f4 c5 6.Nf3 Qb6 7.Ne2 f6 8.exf6 Nxf6
9.c3 Nc6 10.g3 cxd4 11.Nexd4 Bd6 12.Bg2 O-O 13.O-O e5 14.fxe5 Nxe5 15.Nxe5 Bxe5
16.Kh1 Bg4 17.Qb3 Qxb3 18.axb3 Bxd4 19.cxd4 Ne4 20.Be3 Rxf1+ 21.Rxf1 Rc8
22.Rc1 Rxc1+ 23.Bxc1 Be6 24.Bxe4 dxe4 25.b4 Kf7  1/2-1/2

[Event "SLO-ch U20"]
[Site "Bled"]
[Date "1998.??.??"]
[Round "?"]
[White "Podkriznik, Gregor"]
[Black "Soln, Primoz"]
[Result "1/2-1/2"]
[WhiteElo "2295"]
[BlackElo "2325"]

1.e4 e6 2.d4 d5 3.Nc3 Nf6 4.e5 Nfd7 5.f4 c5 6.Nf3 Nc6 7.Be3 Qb6 8.Na4 Qa5+
9.c3 c4 10.b4 Qc7 11.Nb2 Be7 12.Be2 O-O 13.O-O a5 14.b5 Nd8 15.a4 f5 16.Qd2 Nb6
17.Nd1 Bd7 18.Qa2 Be8 19.Nf2 Bg6 20.Bd1 Be8 21.Qe2 Nc8 22.Bc2 Bh5 23.Bd1 Qd7
24.Qd2  1/2-1/2

[Event "Bled op-B"]
[Site "Bled"]
[Date "1998.??.??"]
[Round "4"]
[White "Krek, Janez"]
[Black "Djoc, Goran"]
[Result "0-1"]
[WhiteElo "2095"]
[BlackElo "1850"]

1.e4 e6 2.d4 d5 3.Nc3 Nf6 4.e5 Nfd7 5.Nce2 c5 6.c3 Qb6 7.a3 c4 8.Rb1 Bxa3
9.Qc2 Be7 10.b3 cxb3 11.Rxb3 Qc7 12.Ng3 Nxe5 13.dxe5 Qxe5+ 14.Be2 O-O 15.Nf3 Qc7
16.O-O Bd7 17.Bd3 Ba4 18.Rxb7 Bxc2 19.Rxc7 Bxd3 20.Rxe7 Bxf1 21.Kxf1 Nc6
22.Rd7 Rfd8 23.Rc7 Rac8 24.Bf4 Rxc7 25.Bxc7 Rd7 26.Bf4 a5 27.Ne5 Nxe5 28.Bxe5 a4
29.Ne2 Rb7 30.f4 a3 31.c4 a2 32.cxd5 exd5 33.Kf2 Rb1 34.g4 a1=Q 35.Bxa1 Rxa1
36.Nc3 d4 37.Nb5 Ra2+ 38.Kf3 d3 39.Ke3 Rxh2 40.Kxd3 Rh4  0-1

[Event "Bled op-B"]
[Site "Bled"]
[Date "1998.??.??"]
[Round "8"]
[White "Bozanic, Ivica"]
[Black "Marusic, Nada"]
[Result "1-0"]
[WhiteElo "2265"]
[BlackElo "2040"]

1.e4 e6 2.d4 d5 3.Nc3 Nf6 4.e5 Nfd7 5.f4 c5 6.Nf3 Nc6 7.Bd3 cxd4 8.Ne2 Bb4+
9.Bd2 Qb6 10.O-O Bxd2 11.Qxd2 h6 12.a4 a5 13.Kh1 O-O 14.Nexd4 Nxd4 15.Nxd4 Nc5
16.g4 Bd7 17.b3 Nxd3 18.Qxd3 f5 19.gxf5 exf5 20.Rae1 Rae8 21.Rg1 Re7 22.Re2 Kh7
23.Reg2 g6 24.Rxg6 Qxg6 25.Rxg6 Kxg6 26.Qc3 Kh7 27.Qxa5 Rg7 28.Qe1 Rg4 29.e6 Be8
30.Qf2 Rfg8 31.h3 R4g6 32.Kh2 Bc6 33.a5 Ra8 34.Qd2 Rc8 35.Qe2 Re8 36.a6 bxa6
37.Nxc6 Rgxe6 38.Ne5 Rg6 39.Qd3 Rf6 40.Qxd5 Rg8 41.c4 Rff8 42.Nd7 Rd8 43.Nf6+ Kh8
44.Qxg8+ Rxg8 45.Nxg8 Kxg8 46.b4 Kf7 47.Kg3  1-0

[Event "Budapest FS06 IM"]
[Site "Budapest"]
[Date "1998.??.??"]
[Round "4"]
[White "Resika, Nathan A"]
[Black "Jakab, Attila"]
[Result "0-1"]
[WhiteElo "2170"]
[BlackElo "2210"]

1.e4 e6 2.d4 d5 3.Nc3 Nf6 4.e5 Nfd7 5.f4 c5 6.Nf3 Nc6 7.Be3 cxd4 8.Nxd4 Bc5
9.Qd2 O-O 10.O-O-O a6 11.h4 Bxd4 12.Bxd4 b5 13.Kb1 b4 14.Na4 Qa5 15.b3 Nxd4
16.Qxd4 Bb7 17.Rh3 Bc6 18.Nb2 Bb5 19.f5 Rfc8 20.fxe6 fxe6 21.Nd3 Qc7 22.Nxb4 Bxf1
23.Rxf1 a5 24.Nxd5 exd5 25.Qxd5+ Kh8 26.Rhf3 Qxc2+ 27.Ka1 a4 28.e6 a3 29.Rb1 Nf6
30.Qe5 Rc5 31.Qd4 Rd5 32.Qc4 Qxg2 33.Rc3 Rd2 34.b4 h6 35.b5 Nd5 36.Rd3 Qe2
37.Qxd5 Rxd3 38.Qxa8+ Kh7 39.Qb8 Rd1  0-1

[Event "Budapest FS06 IM"]
[Site "Budapest"]
[Date "1998.??.??"]
[Round "8"]
[White "Georgiev, Veselin"]
[Black "Jakab, Attila"]
[Result "0-1"]
[WhiteElo "2240"]
[BlackElo "2210"]

1.e4 e6 2.d4 d5 3.Nc3 Nf6 4.e5 Nfd7 5.f4 c5 6.Nf3 Nc6 7.Be3 cxd4 8.Nxd4 Bc5
9.Qd2 O-O 10.O-O-O a6 11.Kb1 Bxd4 12.Bxd4 b5 13.g4 b4 14.Ne2 a5 15.Ng3 a4
16.h4 Ba6 17.Bg2 Qc7 18.Bf2 Na5 19.Nh5 Nc4 20.Qc1 Rfb8 21.Bd4 b3 22.cxb3 axb3
23.Rh3 Na3+ 24.bxa3 bxa2+ 25.Kxa2 Bc4+ 26.Ka1 Nc5 27.Bxc5 Qxc5 28.Bf1 Ra4
29.Rc3 Qf2 30.Bxc4 dxc4 31.Ng3 h6 32.Ne4 Qxh4 33.g5 Rb3 34.Rxb3 cxb3 35.gxh6 Rxe4
36.h7+ Kh8 37.Qb1 Re2 38.Qxb3 Qxf4 39.a4 Qxe5+ 40.Kb1 Qf5+ 41.Ka1 Kxh7 42.Rh1+ Kg6
43.Qg3+ Kf6 44.Qh4+ g5 45.Qh8+ Ke7  0-1

[Event "Budapest FS07 IM-A"]
[Site "Budapest"]
[Date "1998.??.??"]
[Round "10"]
[White "Farago, Sandor"]
[Black "Kaid, Almar"]
[Result "1-0"]
[WhiteElo "2285"]
[BlackElo "2210"]

1.e4 e6 2.d4 d5 3.Nc3 Nf6 4.e5 Nfd7 5.f4 c5 6.Nf3 Nc6 7.Ne2 cxd4 8.Nexd4 Bc5
9.c3 Qe7 10.Be3 f6 11.Bd3 O-O 12.exf6 Nxf6 13.O-O Bd7 14.Ne5 Bd6 15.Nxd7 Qxd7
16.Qe2 Rae8 17.Rae1 e5 18.fxe5 Bxe5 19.Qd1 Bxh2+ 20.Kxh2 Ng4+ 21.Kg1 Rxf1+
22.Rxf1 Nxe3 23.Qh5 Nxf1 24.Qxh7+ Kf8 25.Nf5 Re1 26.Qh8+ Kf7 27.Qxg7+ Ke6
28.Qg6+ Ke5 29.Kf2 Rd1 30.Nh6 Rxd3 31.Qxd3 Qg7 32.Qe2+ Kf6 33.Ng4+ Kg5 34.Kxf1 Qf7+
35.Nf2 Qf4 36.Kg1 Kf6 37.Ng4+ Kg5 38.Ne3 Qe4 39.Qd2 d4 40.Nc2+  1-0

[Event "CZE-chT2 9899"]
[Site "CZE"]
[Date "1998.??.??"]
[Round "?"]
[White "Sott, Pavel"]
[Black "Pospisil, Evzen"]
[Result "0-1"]
[WhiteElo "2175"]
[BlackElo "2080"]

1.e4 e6 2.d4 d5 3.Nc3 Nf6 4.e5 Nfd7 5.f4 c5 6.Nf3 Nc6 7.Be3 a6 8.Qd2 cxd4
9.Nxd4 Nxd4 10.Bxd4 Bc5 11.O-O-O b5 12.Bxc5 Nxc5 13.Qd4 Qb6 14.a3 Rb8 15.Be2 Bd7
16.b4 Na4 17.Nxa4 bxa4 18.f5 Qxd4 19.Rxd4 Bb5 20.Kd2 Ke7 21.g4 Rbc8 22.c4 Bxc4
23.Bxc4 Rxc4 24.Rxc4 dxc4 25.Kc3 h5 26.Kxc4 hxg4 27.fxe6 Kxe6 28.Kd4 g3 29.h3 Rh4+
30.Kc5 Kxe5 31.Re1+ Re4 32.Rg1 Re3 33.Kb6 Rxa3 34.Kxa6 Rb3 35.Ka5 a3 36.Ka4 Rd3
37.b5 Kd6 38.Rg2 f5 39.Rc2 f4 40.b6 a2 41.Rxa2 Kc6 42.Ka5 Kb7  0-1

[Event "Moravia-chT 9899"]
[Site "CZE"]
[Date "1998.??.??"]
[Round "1"]
[White "Pisk, Petr"]
[Black "Belunek, Vladimir"]
[Result "1-0"]
[WhiteElo "2310"]
[BlackElo "2240"]

1.e4 e6 2.d4 d5 3.Nc3 Nf6 4.e5 Nfd7 5.f4 c5 6.Nf3 Nc6 7.Be3 a6 8.Qd2 b5 9.dxc5 Bxc5
10.Bxc5 Nxc5 11.Nd4 Qb6 12.Nxc6 Qxc6 13.Qd4 Rb8 14.Bd3 b4 15.Ne2 a5 16.O-O Qb6
17.Qf2 Nxd3 18.cxd3 Ba6 19.Rfd1 Qxf2+ 20.Kxf2 Kd7 21.Nd4 a4 22.Ke3 Rhc8 23.Rac1 f6
24.h4 h5 25.Rg1 f5 26.Kd2 g6 27.Rh1 Rb6 28.Rxc8 Bxc8 29.Rc1 Bb7 30.Rc5 a3
31.b3 Ba6 32.Nc2 Bb7 33.Ra5 Bc6 34.Ra7+ Kd8 35.Rg7 Be8 36.Nd4 Kc8 37.Re7 Bd7
38.Nf3 Kd8 39.Rg7 Be8 40.Ng5 d4 41.Nf3 Bc6 42.Nxd4 Bxg2 43.Rxg6 Bd5 44.Rh6 Ke7
45.Nxf5+ Kf7 46.Nd4  1-0

[Event "POL-ch sf"]
[Site "Czestochowa"]
[Date "1998.??.??"]
[Round "4"]
[White "Pinski, Jan"]
[Black "Grabarczyk, Bogdan"]
[Result "1/2-1/2"]
[WhiteElo "2320"]
[BlackElo "2425"]

1.e4 e6 2.d4 d5 3.Nc3 Nf6 4.e5 Nfd7 5.f4 c5 6.Nf3 Nc6 7.Be3 a6 8.Qd2 b5 9.dxc5 Bxc5
10.Bxc5 Nxc5 11.Qf2 Qb6 12.Bd3 b4 13.Ne2 a5 14.O-O Rb8 15.Kh1 Nxd3 16.Qg3 Nc5
17.Qxg7 Rf8 18.Ng5 Ne4 19.Nxh7 Qc5 20.f5 exf5 21.Nf4 Be6 22.g4 d4 23.Nxe6 fxe6
24.Nxf8 Qxf8 25.Qg6+ Qf7 26.gxf5 Ne7 27.Qxe6 Qxe6 28.fxe6 Rb5 29.Rad1 Nc6
30.Rf5 Ke7 31.Re1 Kxe6 32.Rf4 Ng5 33.Rf6+ Kd7 34.e6+ Ke7 35.Rg6 Rf5 36.Rg7+ Ke8
37.Rg8+ Ke7 38.Rg7+ Ke8 39.Rg8+  1/2-1/2

[Event "SCO Congress"]
[Site "Edinburgh"]
[Date "1998.??.??"]
[Round "5"]
[White "Bryson, Douglas M"]
[Black "Norris, Alan J"]
[Result "1/2-1/2"]
[WhiteElo "2385"]
[BlackElo "2320"]

1.e4 e6 2.d4 d5 3.Nc3 Nf6 4.e5 Nfd7 5.f4 c5 6.Nf3 Nc6 7.Be3 cxd4 8.Nxd4 Bc5
9.Qd2 O-O 10.O-O-O a6 11.Qf2 Bxd4 12.Bxd4 b5 13.Bd3 b4 14.Ne2 a5 15.g4 Ba6
16.g5 Qc7 17.Kb1 Rfc8 18.Qe3 a4 19.Rc1 Nxd4 20.Qxd4 Qc5 21.Rhd1 a3 22.b3 Qxd4
23.Nxd4 Nc5 24.Bxa6 Rxa6 25.c4 Ne4 26.Ne2 Rac6 27.Rd4 Kf8 28.Rf1 Ke7 29.Kc2 f5
30.gxf6+ gxf6 31.exf6+ Nxf6 32.Kd3 dxc4+ 33.Rxc4 Rxc4 34.bxc4 Re8 35.Nd4 Rd8
36.Rb1 Ng4 37.c5 Rd5 38.c6 Kd6 39.Rc1 e5 40.fxe5+ Nxe5+ 41.Ke4 Ng6 42.c7 Re5+
43.Kd3 Ne7 44.c8=Q Nxc8 45.Rxc8 Rc5 46.Rxc5 Kxc5 47.Nb3+ Kd5 48.Nd4 h5  1/2-1/2

[Event "Pyramiden Franken Cup"]
[Site "Fuerth"]
[Date "1998.??.??"]
[Round "6"]
[White "David, Alberto"]
[Black "Kalinitschew, Sergey"]
[Result "1-0"]
[WhiteElo "2520"]
[BlackElo "2505"]

1.e4 e6 2.d4 d5 3.Nc3 Nf6 4.e5 Nfd7 5.f4 c5 6.Nf3 Nc6 7.Be3 cxd4 8.Nxd4 Bc5
9.Qd2 a6 10.O-O-O Bxd4 11.Bxd4 O-O 12.h4 b5 13.Kb1 b4 14.Na4 Qa5 15.b3 Nxd4
16.Qxd4 Bb7 17.Rh3 Bc6 18.Nb2 Qc5 19.c3 a5 20.Rc1 Rfc8 21.Re3 Qe7 22.g3 Nb8
23.cxb4 axb4 24.Re2 Qb7 25.Rec2 Nd7 26.Be2 h6 27.Nd3 Rab8 28.Nxb4 Qxb4 29.Qxb4 Rxb4
30.Rxc6 Rxc6 31.Rxc6 g5 32.hxg5 hxg5 33.Rc7 gxf4 34.gxf4 Nf8 35.f5 Rf4 36.fxe6 Nxe6
37.Rd7 d4 38.Bc4 Nc5 39.Rc7 d3 40.Rxc5 Rf1+ 41.Kb2 d2 42.Be2 Re1 43.Bf3 Rf1
44.Rd5  1-0

[Event "Pyramiden Franken Cup"]
[Site "Fuerth"]
[Date "1998.??.??"]
[Round "8"]
[White "David, Alberto"]
[Black "Hamdouchi, Hichem"]
[Result "1-0"]
[WhiteElo "2520"]
[BlackElo "2555"]

1.e4 e6 2.d4 d5 3.Nc3 Nf6 4.e5 Nfd7 5.f4 c5 6.Nf3 Nc6 7.Be3 a6 8.Qd2 b6 9.Bd3 Be7
10.O-O O-O 11.Kh1 f6 12.exf6 Bxf6 13.Qf2 cxd4 14.Bxd4 Nxd4 15.Nxd4 Nc5 16.Qe3 Qd6
17.Be2 Bd7 18.Rad1 Rae8 19.b4 Na4 20.Nxa4 Bxa4 21.Bd3 g6 22.Rde1 Bd7 23.Rb1 Re7
24.Nf3 Ref7 25.h4 d4 26.Qd2 Bc6 27.h5 gxh5 28.Rbe1 Rg7 29.Be4 Rg4 30.Bxc6 Qxc6
31.Ne5 Bxe5 32.Rxe5 h4 33.Qe2 Rg6 34.Rh5 Rc8 35.Rf2 Qc4 36.Qe4 Rf8 37.f5 exf5
38.Rhxf5 Rxf5 39.Qxf5 Qxb4 40.Qf7+ Kh8 41.Re2  1-0

[Event "Asia-ch (Women)"]
[Site "Genting Highlands"]
[Date "1998.??.??"]
[Round "?"]
[White "Tamin, Upi Darmayana"]
[Black "Repkova Eid, Eva"]
[Result "0-1"]
[WhiteElo "2250"]
[BlackElo "2300"]

1.e4 e6 2.d4 d5 3.Nc3 Nf6 4.e5 Ne4 5.Nxe4 dxe4 6.Be3 c5 7.dxc5 Nd7 8.Qg4 Nxc5
9.Bb5+ Nd7 10.Ne2 Qa5+ 11.Nc3 a6 12.Bxd7+ Bxd7 13.Bd4 O-O-O 14.O-O Bc6 15.Rfd1 Bc5
16.Bxc5 Qxc5 17.Nxe4 Qxe5 18.Nc3 h5 19.Qh3 g5 20.a4 h4 21.b4 g4 22.Qe3 Qxe3
23.fxe3 h3 24.g3 Bf3 25.Rd3 Rxd3 26.cxd3 Rd8 27.d4 e5 28.Rc1 Kd7 29.Nb1 Ke6
30.Nd2 Bg2 31.Nb3 Kf5 32.dxe5 Rd3 33.e4+ Kxe5 34.Na5 Bxe4 35.Nc4+ Kd4 36.Nd6 f5
37.Rf1 Ke5 38.Nf7+ Kf6 39.Nh6 Kg6  0-1